Trivia Test - Ateez - Statistiques

Statistiques générales
  • Ce quiz a été pris 1 556 fois
    1 543 depuis la dernière actualisation
  • Le résultat moyen est 13 sur 18
Statistiques - réponses
Question Réponse % Correct
Qui n'est pas un membre d'Ateez ? Woojin
98%
Quelle est le nom de leur fandom ? Atiny
97%
Combien y a-t-il de membres dans Ateez ? 8
95%
Sous quelle agence sont-ils ? KQ Enteirtement
95%
Qui est le leader de Ateez ? HongJoong
94%
Qui est le main vocal ? Jongho
93%
Qui sont les rappeurs ? Hongjoong et Mingi
91%
Quelle est leur chanson de début? Treasure et Pirate King
87%
Avec quel groupe sont-ils le plus proche ? Stray Kids
76%
Quelle est le vrai nom de Wooyoung ? Jung Wooyoung
75%
Qui est le plus vieux ? SeongHwa
75%
Avec qui Wooyoung est le plus proche ? Changbin
70%
Quand on-t-il débuté ? 24 octobre 2018
62%
Quelle chanson appartient à Ateez ? Desire
57%
Qui sont les deux visuels ? Yeosang et SeongHwa
52%
Qui est appellé la statue de Ateez ? Yeosang
45%
Quelle est leur chanson de pré début ? Pick it up
42%
Ils ont participé a Weekly idol avec quel groupe ? Oneus
30%
Aucun quiz correspondant
Distribution des résultats
% des personnes avec chaque résultat
Percentile par nombre de réponses
Votre historique - résultats
Vous n’avez pas pris ce quiz depuis la dernière actualisation